| 000 | 01384nmc a2200409 a 4500 | ||
|---|---|---|---|
| 003 | AR-BaBNM | ||
| 005 | 20251128205803.0 | ||
| 008 | 011101s1996 ||||||||||||||000 | spa|| | ||
| 020 | _a987-9116-06-2 | ||
| 040 | _cAR-BaBNM | ||
| 100 | 1 | _aMendel, Gerard | |
| 245 | 1 | 0 | _aSociopsicoanálisis y educación |
| 250 | _a1ª ed. | ||
| 260 |
_aBuenos Aires _bEdiciones Novedades Educativas _bFacultad de Filosofía y Letras _bUniversidad de Buenos Aires _c1996 |
||
| 300 | 0 | _a133 p. | |
| 490 | 0 |
_aFormación de formadores. Los documentos _vv. 2 |
|
| 500 | 0 | _aEste documento está compuesto por los dos seminarios que Gerard Mendel dictó en la Facultad de Filosofía y Letras de la Universidad de Buenos Aires en el año de 1995 | |
| 500 | 0 | _aObras del autor publicadas en castellano: p. 133 | |
| 650 | 4 | _aEDUCACION | |
| 650 | 4 | _aPSICOANALISIS | |
| 650 | 4 | _aGRUPOS | |
| 650 | 4 | _aCOMUNICACION | |
| 650 | 4 | _aDINAMICA DE GRUPO | |
| 650 | 4 | _aDISCUSION EN GRUPO | |
| 650 | 4 | _aESTRUCTURA DEL GRUPO | |
| 650 | 4 | _aTRABAJO EN GRUPO [METODO DE ENSENANZA] | |
| 650 | 4 | _aCONDUCTA DEL GRUPO | |
| 650 | 4 | _aSOCIALIZACION | |
| 650 | 4 | _aAUTORIDAD | |
| 650 | 4 | _aEXPRESION | |
| 653 | 0 | _aORIENTACION EDUCATIVA | |
| 700 | 1 |
_aAcevedo, María José _etraductor |
|
| 800 | 1 |
_aFernández, Lidia M. _edirector |
|
| 800 | 1 |
_aSouto, Marta _edirector |
|
| 942 | _cBK | ||
| 998 | _carturo | ||
| 999 |
_c12807 _d12807 |
||